| 000 | 00900cam a2200241 4500 | ||
|---|---|---|---|
| 001 | WB3815-24 | ||
| 008 | 020424n2002 000 0 eng u | ||
| 035 | _a(Sirsi) u117667 | ||
| 245 | _aNew TSE/BSE controls | ||
| 260 | _c2002 | ||
| 490 |
_aRICS Rural Faculty News _v 23 April 2002 (1) |
||
| 520 | _aThe "TSE (England) Regulations 2002 (SI 2002:843)" came into force on 19 April 2002. The regulation introduces more stringent arrangements to control tranmissible spongiform encephalopathies (TSEs) including bovine spongiform encephalopathy (BSE). http://www.rics.org/ricscms/bin/show?class=News&template=/includes/shownews.html&id=2340 | ||
| 590 | _aWB | ||
| 650 | _aBSE | ||
| 650 | _aTSE | ||
| 650 | _aBEEF INDUSTR | ||
| 650 | _aFARMING INDUSTRY | ||
| 650 | _aTSE (ENGLAND) REGULATIONS 2002 | ||
| 650 | _aLEGISLATION | ||
| 650 | _aCONTROLS | ||
| 690 |
_aRural _96268 |
||
| 942 | _n0 | ||
| 999 |
_c70067 _d70067 |
||